| 000 | 00836nam a2200193Ia 4500 | ||
|---|---|---|---|
| 008 | 000000[2005] mX a 0000000000spa00 | ||
| 090 | _aPSP00 C11s | ||
| 100 | 1 |
_aCarbonell, Santiago _d1960 |
|
| 245 | 1 | 0 |
_aSantiago Carbonell _c/ curaduría Roberto González ; fotografías Gilberto Chen, Marco Giaconelli |
| 300 |
_a[20] p. _c/ 23 cm. |
||
| 500 | _aPortada autografiada con el siguiente texto : Para Celia mi amiga, Santiago Carbonell \ Con el patronazgo del maestro venezolano Jesús Rafael Soto (q.e.p.d.) | ||
| 600 | 0 | 0 |
_a CARBONELL, SANTIAGO, 1960/ _xTRABAJOS PICTORICOS |
| 650 | 1 | 4 | _a PINTURA ESPAÑOLA |
| 650 | 1 | 4 | _aARTE CONTEMPORANEO ESPAÑOL |
| 650 | 1 | 4 | _xCATALOGOS |
| 650 | 1 | 4 | _aPINTORES ESPAÑOLES |
| 700 | 1 | _aGonzález, Roberto \ Chen, Gilberto \ Giaconelli, Marco | |
| 999 |
_c620 _d620 |
||
| 260 |
_aMéxico : Praxis _c2005 |
||